[Event "AUTO-ADV-4814"]
[Site "http://www.queenalice.com/game.php?id=1844046"]
[Date "2024.9.21"]
[Round "1"]
[White "AranchiA12"]
[Black "altair"]
[Result "1-0"]
[WhiteElo "1873"]
[BlackElo "1760"]

1. e4 e5 2. Nc3 d6 3. Nf3 a6 4. Bc4 h6 5. O-O Nf6 6. d4 Nc6 7. Be3 Be7 8. Qd2
O-O 9. Bd5 Na7 10. Ne2 Rb8 11. Ng3 b5 12. dxe5 dxe5 13. Nxe5 Be6 14. Bxh6 gxh6
15. Qxh6 Nh7 16. Nh5 Bf6 17. Bxe6 fxe6 18. Qg6+ Kh8 19. Nf7+ Rxf7 20. Qxf7 Qe8
21. Qxe8+ Rxe8 22. Nxf6 Nxf6 23. f3 Nc6 24. Rad1 Nb4 25. c4 Nxa2 26. cxb5 axb5
27. Ra1 Nb4 28. Ra7 c6 29. Rd1 Nc2 30. Rd6 c5 31. e5 Nd5 32. Rdd7 Ncb4 33. h4
Nd3 34. h5 Nxb2 35. h6 c4 36. Rh7+ Kg8 37. Rag7+ 1-0

[Event "AUTO-ADV-4814"]
[Site "http://www.queenalice.com/game.php?id=1844061"]
[Date "2024.9.21"]
[Round "1"]
[White "SamuraiJOM"]
[Black "AranchiA12"]
[Result "1-0"]
[WhiteElo "1811"]
[BlackElo "1903"]

1. e4 c5 2. Bc4 Nc6 3. Qf3 e6 4. c3 Be7 5. d3 Nf6 6. Ne2 O-O 7. O-O d6 8. h3 Ne5
9. Qe3 Bd7 10. Na3 Rb8 11. Bb5 a5 12. b3 b6 13. Bxd7 Qxd7 14. c4 1-0

[Event "AUTO-ADV-4814"]
[Site "http://www.queenalice.com/game.php?id=1844062"]
[Date "2024.9.21"]
[Round "1"]
[White "AranchiA12"]
[Black "SamuraiJOM"]
[Result "1-0"]
[WhiteElo "1866"]
[BlackElo "1805"]

1. e4 e5 2. Nc3 Nf6 3. Nf3 Bc5 4. Bc4 h6 5. Nxe5 O-O 6. O-O a6 7. d3 Bd4 8. Ng4
d6 9. Nxh6+ gxh6 10. Bxh6 Re8 11. Qf3 Bg4 12. Qf4 Kh7 13. Bxf7 Be5 14. Qg5 Bh5
15. Qg7# 1-0

[Event "AUTO-ADV-4814"]
[Site "http://www.queenalice.com/game.php?id=1844071"]
[Date "2024.9.21"]
[Round "1"]
[White "askasl159"]
[Black "AranchiA12"]
[Result "1-0"]
[WhiteElo "1983"]
[BlackElo "1878"]

1. e4 c5 2. b4 cxb4 3. Nf3 Nc6 4. a3 bxa3 5. Bxa3 Nf6 6. Nc3 e5 7. Bb5 Bxa3 8.
Rxa3 O-O 9. O-O d6 10. d4 Bg4 11. Bxc6 bxc6 12. h3 Bd7 13. dxe5 1-0

[Event "AUTO-ADV-4814"]
[Site "http://www.queenalice.com/game.php?id=1844072"]
[Date "2024.9.21"]
[Round "1"]
[White "AranchiA12"]
[Black "askasl159"]
[Result "0-1"]
[WhiteElo "1881"]
[BlackElo "1935"]

1. e4 e5 2. Nc3 Nf6 3. Nf3 Nc6 4. d4 Bb4 5. Nxe5 Nxe5 6. dxe5 Nxe4 7. Bd2 Bxc3
8. bxc3 d5 9. Be2 Bf5 10. O-O O-O 11. Rb1 b6 12. Re1 Re8 13. Bf4 Nxc3 0-1

[Event "AUTO-ADV-4662"]
[Site "http://www.queenalice.com/game.php?id=1845993"]
[Date "2024.10.23"]
[Round "3"]
[White "AranchiA12"]
[Black "Pin"]
[Result "0-1"]
[WhiteElo "1910"]
[BlackElo "2091"]

1. e4 c5 2. Nf3 d6 3. d4 cxd4 4. Nxd4 Nf6 5. Nc3 a6 6. Be2 e5 7. Nb3 Be7 8. O-O
O-O 9. Be3 Nc6 10. Qd2 Be6 11. a3 Rc8 12. Rad1 Qc7 13. f4 exf4 14. Rxf4 Ne5 15.
Nd4 Nc4 16. Nxe6 fxe6 17. Bxc4 Qxc4 18. b3 Qxc3 19. Qxc3 Rxc3 20. Bf2 Rxc2 21.
Bg3 Rfc8 22. h3 Nh5 23. Rf3 Nxg3 24. Rxg3 Rf8 25. Rdd3 g6 26. Rde3 d5 27. e5 Bc5
28. b4 Bxe3+ 29. Rxe3 Rff2 30. g4 Rfd2 31. Re1 Rg2+ 32. Kh1 Rh2+ 33. Kg1 Rxh3
34. Rf1 Rg3+ 35. Kh1 Rxa3 36. g5 Raa2 37. Rf6 Ra1+ 38. Rf1 Rxf1# 0-1

[Event "AUTO-ADV-4662"]
[Site "http://www.queenalice.com/game.php?id=1845994"]
[Date "2024.10.23"]
[Round "3"]
[White "Pin"]
[Black "AranchiA12"]
[Result "1-0"]
[WhiteElo "2150"]
[BlackElo "1899"]

1. d4 g6 2. Nf3 Bg7 3. g3 c5 4. c3 Nf6 5. Bg2 O-O 6. O-O Nc6 7. e3 cxd4 8. cxd4
d5 9. b3 Bg4 10. Nbd2 Re8 11. Bb2 b5 12. Qc2 Rc8 13. Qd1 Nb4 14. a3 Nd3 15. Rb1
a6 16. Ba1 e5 17. dxe5 Nxe5 18. h3 Nxf3+ 19. Nxf3 Bf5 20. Rc1 Rxc1 21. Qxc1 Ne4
22. Bxg7 Kxg7 23. Nd4 Re7 24. Nxf5+ gxf5 25. Qa1+ Kg6 26. Bxe4 fxe4 27. Rc1 f6
28. Rc6 Rc7 29. Rxc7 Qxc7 30. Qb2 h5 31. Kf1 Kf5 32. b4 Qc4+ 33. Kg2 Qd3 34. Qc1
Qc4 35. Qb2 Qd3 36. h4 Qc4 37. Qd2 Ke5 38. Qd1 Qd3 39. Qxh5+ Kd6 40. Qf7 Qxa3
41. Qxf6+ Kd7 42. Qd4 a5 43. Qxd5+ Kc7 44. bxa5 1-0

[Event "AUTO-OPEN-4539"]
[Site "http://www.queenalice.com/game.php?id=1847773"]
[Date "2024.11.26"]
[Round "2"]
[White "AranchiA12"]
[Black "GUZONJA1984"]
[Result "0-1"]
[WhiteElo "1718"]
[BlackElo "2307"]

1. e4 c5 2. Nf3 d6 3. d4 cxd4 4. Nxd4 Nf6 5. Nc3 a6 6. f4 e5 7. Nf3 Nbd7 8. a4
Qc7 9. Bd3 Be7 10. O-O O-O 11. Bd2 Nc5 12. Be3 Bg4 13. Ra2 Be6 14. Ra1 Ng4 15.
Qd2 Nxe3 16. Qxe3 exf4 17. Qxf4 Qb6 18. Kh1 Qxb2 19. Nd5 Bxd5 20. exd5 Qf6 0-1

[Event "AUTO-OPEN-4539"]
[Site "http://www.queenalice.com/game.php?id=1847774"]
[Date "2024.11.26"]
[Round "2"]
[White "GUZONJA1984"]
[Black "AranchiA12"]
[Result "1-0"]
[WhiteElo "2306"]
[BlackElo "1807"]

1. e4 c5 2. Nf3 d6 3. d4 cxd4 4. Nxd4 Nf6 5. Nc3 a6 6. f3 e6 7. Be3 b5 8. Qd2
Nbd7 9. g4 h6 10. O-O-O Bb7 11. h4 b4 12. Na4 a5 13. Bb5 Be7 14. g5 hxg5 15.
hxg5 Nh5 16. g6 e5 17. Nf5 Bf8 18. Nxd6+ Ke7 19. Nf5+ Ke6 20. Qd6+ Bxd6 21.
Rxd6# 1-0

[Event "AUTO-ADV-4853"]
[Site "http://www.queenalice.com/game.php?id=1854110"]
[Date "2025.3.17"]
[Round "1"]
[White "Canaye14"]
[Black "AranchiA12"]
[Result "1-0"]
[WhiteElo "1859"]
[BlackElo "1876"]

1. d4 Nf6 2. Bf4 d5 3. Nf3 e6 4. e3 c5 5. c3 Nc6 6. Bd3 Be7 7. Nbd2 O-O 8. Rc1
Bd7 9. Ne5 Rc8 10. h4 a6 11. Bb1 b5 12. Qc2 g6 13. h5 cxd4 14. hxg6 Nxe5 15.
Bxe5 fxg6 16. exd4 Be8 17. Nf3 b4 18. Ng5 Bd7 19. Bxf6 Bxf6 20. Nxh7 1-0

[Event "AUTO-ADV-4853"]
[Site "http://www.queenalice.com/game.php?id=1854111"]
[Date "2025.3.17"]
[Round "1"]
[White "AranchiA12"]
[Black "Canaye14"]
[Result "0-1"]
[WhiteElo "1893"]
[BlackElo "1867"]

1. e4 e6 2. d4 d5 3. Nd2 dxe4 4. Nxe4 Nd7 5. Nf3 Ngf6 6. Nxf6+ Nxf6 7. Bg5 Be7
8. Bc4 Ne4 9. Bxe7 Qxe7 10. Qd3 f5 11. O-O O-O 12. Rae1 Ng5 13. Nxg5 Rf6 14. Re5
h6 15. Nxe6 Bxe6 16. Rfe1 Bxc4 17. Qxc4+ Qf7 18. Re8+ Rxe8 19. Rxe8+ Kh7 20.
Qxf7 Rxf7 21. Ra8 a6 22. f4 c6 23. Kf2 Kg6 24. c4 Kf6 25. Re8 Rd7 0-1

[Event "AUTO-ADV-4853"]
[Site "http://www.queenalice.com/game.php?id=1854124"]
[Date "2025.3.17"]
[Round "1"]
[White "flanny"]
[Black "AranchiA12"]
[Result "1-0"]
[WhiteElo "1615"]
[BlackElo "1739"]

1. e4 c5 2. c4 d6 3. Nc3 Nc6 4. Nf3 Nf6 5. h3 e6 6. d3 Be7 7. d4 O-O 8. d5 exd5
9. cxd5 Ne5 10. Nxe5 dxe5 11. Bc4 b6 12. O-O Bb7 13. a3 a6 14. b4 Rc8 15. b5 1-0

[Event "AUTO-ADV-4853"]
[Site "http://www.queenalice.com/game.php?id=1854125"]
[Date "2025.3.17"]
[Round "1"]
[White "AranchiA12"]
[Black "flanny"]
[Result "0-1"]
[WhiteElo "1762"]
[BlackElo "1592"]

1. e4 e5 2. Nc3 Nf6 3. f4 exf4 4. Nf3 a6 5. d4 Bb4 6. Bxf4 O-O 7. Qd3 Bxc3+ 8.
bxc3 Re8 9. e5 d6 10. Be2 dxe5 11. Bxe5 Nbd7 12. O-O b6 13. Rae1 c5 14. Ng5 h6
0-1

[Event "AUTO-ADV-4853"]
[Site "http://www.queenalice.com/game.php?id=1854132"]
[Date "2025.3.17"]
[Round "1"]
[White "oniwa"]
[Black "AranchiA12"]
[Result "1-0"]
[WhiteElo "1911"]
[BlackElo "1703"]

1. d4 Nf6 2. Nc3 g6 3. e4 d6 4. Bg5 Bg7 5. Nf3 O-O 6. Bc4 Nbd7 7. O-O b6 8. Bxf6
exf6 9. a4 Bb7 10. b4 Re8 11. Re1 c5 12. dxc5 bxc5 13. b5 Rb8 14. Nd5 Nb6 15.
Nd2 Nxd5 16. Bxd5 f5 17. Bxb7 1-0

[Event "AUTO-ADV-4853"]
[Site "http://www.queenalice.com/game.php?id=1854133"]
[Date "2025.3.17"]
[Round "1"]
[White "AranchiA12"]
[Black "oniwa"]
[Result "0-1"]
[WhiteElo "1711"]
[BlackElo "1903"]

1. e4 e5 2. Nc3 Bc5 3. Nf3 Nc6 4. Be2 Nf6 5. O-O O-O 6. b3 d6 7. Bb2 Be6 8. d4
exd4 9. Nb5 Nxe4 10. Bd3 Bd5 11. Bxe4 Bxe4 12. Nbxd4 Nb4 13. c4 a6 14. Ne1 d5
15. Nef3 h6 0-1